| 000 | 00793cam a22002413a 4500 | ||
|---|---|---|---|
| 001 | 16859 | ||
| 003 | PGUSA | ||
| 005 | 20140828083347.0 | ||
| 008 | 051012s2005||||xxu|||||s|||||000 | eng d | ||
| 040 |
_aPGUSA _beng |
||
| 042 | _adc | ||
| 050 | 4 | _aDT | |
| 100 | 1 |
_aLuckhoff, A. D. _q(August D.) |
|
| 245 | 1 | 0 |
_aWoman's Endurance _h[electronic resource] / _cA. D. Luckhoff |
| 260 |
_bProject Gutenberg, _c2005 |
||
| 506 | _aPublic domain in the USA. | ||
| 516 | _aElectronic text | ||
| 653 | _aSouth African War, 1899-1902 -- Concentration camps -- South Africa -- Personal narrativies | ||
| 653 | _aSouth African War, 1899-1902 -- Concentration camps -- South Africa -- Bethulie | ||
| 830 | 0 |
_aProject Gutenberg _v16859 |
|
| 856 | 4 | 0 | _uhttp://www.gutenberg.org/ebooks/16859 |
| 942 | _cEB | ||
| 999 |
_c246114 _d246114 |
||